000 00386nam a2200157Ia 4500
003 0STCL
008 150530s9999 xx 000 0 und d
040 _aSTCL
_cSTCL
100 _aButcher,S.H; Gunter Ralfs; Henry Thomas
245 _aAristotles theory of Poetry and fine art
260 _c1981
546 _aEnglish
942 _2ddc
_cBK
999 _c52009
_d52009
005 20220125170851.0